[Event "NCL967 Barbican-Wood Green"]
[Site "Rd9"]
[Date "1997.??.??"]
[Round "9.3"]
[White "Littlewood, Paul"]
[Black "Plueg, Andreas"]
[Result "1/2-1/2"]
[WhiteElo "2440"]
[BlackElo "2310"]
[PlyCount "95"]
[EventDate "1997.03.22"]
[Source "J.Saunders"]
[SourceDate "1998.06.06"]

1. d4 c5 2. d5 e5 3. e4 d6 4. Nc3 g6 5. Be2 a6 6. a4 Nd7 7. h4 h5 8. Nf3 Bh6 9.
Ng5 Nf8 10. g3 f6 11. Nf3 b6 12. Nd2 Ra7 13. Nc4 Bxc1 14. Qxc1 Nh6 15. Rb1 Nf7
16. Qe3 f5 17. b4 Nd7 18. bxc5 bxc5 19. a5 f4 20. gxf4 exf4 21. Qxf4 Nde5 22.
Nb6 O-O 23. Qg3 Bg4 24. f4 Bxe2 25. Nxe2 Ng4 26. O-O Re8 27. Nc3 Nfh6 28. Nc4
Qf6 29. Rbd1 Qd8 30. Kg2 Rae7 31. Rde1 Kh7 32. Kh3 Qd7 33. Nb6 Qd8 34. Nc4 Nf6
35. f5 gxf5 36. Qxd6 Rd7 37. Qf4 Nxe4 38. Nxe4 fxe4 39. Ne5 Rg7 40. Rg1 Qc8+
41. Kh2 Qc7 42. Qxe4+ Kg8 43. Rxg7+ Qxg7 44. Rg1 Ng4+ 45. Nxg4 Rxe4 46. Nf6+
Kf7 47. Rxg7+ Kxf6 48. Rh7 1/2-1/2

[Event "NCL967 Barbican-Wood Green"]
[Site "Rd9"]
[Date "1997.??.??"]
[Round "9.4"]
[White "Dishman, Stephen"]
[Black "Law, Andrew"]
[Result "1-0"]
[WhiteElo "2300"]
[BlackElo "2370"]
[PlyCount "93"]
[EventDate "1997.03.22"]
[Source "J.Saunders"]
[SourceDate "1998.06.06"]

1. d4 d5 2. Bg5 h6 3. Bh4 c6 4. e3 Qb6 5. Qc1 e5 6. Nf3 e4 7. Nfd2 Be7 8. Bg3
Nf6 9. c4 O-O 10. Nc3 Be6 11. Be2 Nbd7 12. c5 Qd8 13. b4 Bg4 14. Qd1 Bxe2 15.
Qxe2 Nh7 16. Nb3 Ng5 17. b5 Qc8 18. bxc6 bxc6 19. O-O Ne6 20. f3 exf3 21. gxf3
Re8 22. Qd3 Nf6 23. Rae1 Nh5 24. f4 Nf6 25. Nd2 Qd7 26. Nf3 Bd8 27. Bh4 Nh7 28.
Ne5 Qc7 29. Bg3 f6 30. Qg6 Rf8 31. Ng4 Qd7 32. Nxh6+ Kh8 33. Nf5 Ba5 34. Rc1
Rfb8 35. Nd6 Nef8 36. Qh5 Kg8 37. f5 Bxc3 38. Rxc3 Rb2 39. Bf4 Rab8 40. e4 dxe4
41. Re3 Rxa2 42. Rxe4 Rbb2 43. Rfe1 a5 44. Bg3 g6 45. fxg6 Ng5 46. Rh4 Qg7 47.
Nf5 1-0

[Event "NCL967 Barbican-Wood Green"]
[Site "Rd9"]
[Date "1997.??.??"]
[Round "9.5"]
[White "Sowray, Peter"]
[Black "Bowden, Karl"]
[Result "0-1"]
[WhiteElo "2350"]
[BlackElo "2355"]
[PlyCount "74"]
[EventDate "1997.03.22"]
[Source "J.Saunders"]
[SourceDate "1998.06.06"]

1. d4 Nf6 2. c4 d6 3. Nc3 Nbd7 4. e4 e5 5. Nf3 Be7 6. Be2 O-O 7. O-O c6 8. Rb1
Re8 9. d5 Nc5 10. Qc2 g6 11. Nd2 a5 12. b4 axb4 13. Rxb4 Bf8 14. Nf3 Qa5 15.
Rb2 Bg7 16. Bd2 Qc7 17. Rfb1 Ra3 18. Be3 Qa5 19. Bd2 Qc7 20. Rb4 Nfxe4 21. Nxe4
Nxe4 22. Qxe4 Bf5 23. Qh4 Bxb1 24. Rxb1 Rxa2 25. Qe4 Rea8 26. Bc3 f5 27. Qe3
R8a3 28. dxc6 bxc6 29. Bf1 Rc2 30. c5 Raxc3 31. cxd6 Qxd6 32. Qa7 Rc1 33. Qa2+
Qd5 34. Rxc1 Rxc1 35. Qa8+ Bf8 36. Qc8 e4 37. Ng5 Rxf1+ 0-1

[Event "NCL967 Barbican-Wood Green"]
[Site "Rd9"]
[Date "1997.??.??"]
[Round "9.6"]
[White "Rogers, Jonathan"]
[Black "Grant, Jonathan"]
[Result "1-0"]
[WhiteElo "2300"]
[BlackElo "2275"]
[PlyCount "81"]
[EventDate "1997.03.22"]
[Source "J.Saunders"]
[SourceDate "1998.06.06"]

1. d4 Nf6 2. Nf3 e6 3. c4 Bb4+ 4. Bd2 Qe7 5. Nc3 O-O 6. g3 Bxc3 7. Bxc3 Ne4 8.
Rc1 Nc6 9. d5 Nd8 10. Bg2 d6 11. Nd2 Nxc3 12. Rxc3 e5 13. c5 f5 14. Qc2 Bd7 15.
O-O Nf7 16. Rc1 a5 17. cxd6 cxd6 18. Rc7 Rfc8 19. Qb3 Rxc7 20. Rxc7 b5 21. e4
Qd8 22. Qc2 f4 23. gxf4 exf4 24. Nf3 Rc8 25. Rxc8 Qxc8 26. Qxc8+ Bxc8 27. Nd4
Bd7 28. Bf1 b4 29. Nc6 Ng5 30. Nxa5 Nxe4 31. Nc6 b3 32. a4 Nc5 33. a5 Kf8 34.
a6 Bc8 35. a7 Bb7 36. Bc4 Ke8 37. Na5 Ba8 38. Bb5+ Kd8 39. Bc6 Na4 40. Bxa8
Nxb2 41. Bc6 1-0

[Event "NCL967 Barbican-Wood Green"]
[Site "Rd9"]
[Date "1997.??.??"]
[Round "9.7"]
[White "Maduekwe, Chiedu"]
[Black "Twyble, Michael"]
[Result "1-0"]
[WhiteElo "2170"]
[BlackElo "2250"]
[PlyCount "57"]
[EventDate "1997.03.22"]
[Source "J.Saunders"]
[SourceDate "1998.06.06"]

1. d4 Nf6 2. c4 g6 3. Nf3 Bg7 4. g3 c5 5. Bg2 Qa5+ 6. Nbd2 cxd4 7. Nxd4 Nc6 8.
N4b3 Qc7 9. O-O O-O 10. Nf3 d6 11. c5 dxc5 12. Nxc5 Rd8 13. Qa4 Rd5 14. Ne4 Ra5
15. Nxf6+ Bxf6 16. Qc2 Qb6 17. a4 Be6 18. Bd2 Rc5 19. Bc3 Rc8 20. Qd2 Bxc3 21.
bxc3 Qa5 22. Rfc1 b6 23. Qe3 Ne5 24. Nxe5 Rxe5 25. Qd2 Rec5 26. Bb7 R8c7 27.
Bf3 Rd7 28. Qb2 Rc4 29. Qd2 1-0

[Event "NCL967 Barbican-Wood Green"]
[Site "Rd9"]
[Date "1997.??.??"]
[Round "9.8"]
[White "Lang, Heather"]
[Black "Jackson, Sheila"]
[Result "1/2-1/2"]
[WhiteElo "2065"]
[BlackElo "2150"]
[PlyCount "40"]
[EventDate "1997.03.22"]
[Source "J.Saunders"]
[SourceDate "1998.06.06"]

1. e4 e5 2. Nf3 Nc6 3. Bb5 a6 4. Ba4 Nf6 5. O-O Be7 6. Bxc6 dxc6 7. Qe1 Nd7 8.
b3 O-O 9. Bb2 f6 10. d4 exd4 11. Nxd4 Nc5 12. Nd2 Bd6 13. Nc4 Re8 14. f3 Be6
15. Ne3 Qe7 16. Ndf5 Qf8 17. Qh4 Be5 18. Bxe5 fxe5 19. Qg3 Bxf5 20. Nxf5 Qf6
1/2-1/2

[Event "NCL967 Northumbria-NW Eagles"]
[Site "Rd9"]
[Date "1997.??.??"]
[Round "9.1"]
[White "Littlewood, John"]
[Black "McNab, Colin"]
[Result "1/2-1/2"]
[WhiteElo "2275"]
[BlackElo "2465"]
[PlyCount "31"]
[EventDate "1997.03.22"]
[Source "J.Saunders"]
[SourceDate "1998.06.06"]

1. e4 g6 2. Nc3 c6 3. d4 d6 4. g3 Bg7 5. Bg2 b5 6. a3 a6 7. Nge2 Qc7 8. Be3 Nf6
9. h3 Nbd7 10. O-O Bb7 11. Qd2 O-O 12. Rad1 Rad8 13. g4 e5 14. Ng3 Nb6 15. dxe5
dxe5 16. Qe2 1/2-1/2

[Event "NCL967 Northumbria-NW Eagles"]
[Site "Rd9"]
[Date "1997.??.??"]
[Round "9.2"]
[White "Wall, Tim"]
[Black "Bryson, Douglas"]
[Result "1-0"]
[WhiteElo "2320"]
[BlackElo "2380"]
[PlyCount "73"]
[EventDate "1997.03.22"]
[Source "J.Saunders"]
[SourceDate "1998.06.06"]

1. f4 e5 2. e4 exf4 3. Bc4 Nf6 4. Nc3 c6 5. d4 Bb4 6. e5 d5 7. exf6 dxc4 8.
Qe2+ Be6 9. fxg7 Rg8 10. Nf3 Qa5 11. O-O Bxc3 12. bxc3 Nd7 13. Bxf4 Rxg7 14.
Nd2 Rg6 15. Nxc4 Qxc3 16. Nd6+ Kf8 17. Rad1 Kg8 18. Rd3 Qb2 19. Qf2 Qxa2 20.
Be5 b5 21. h4 Qd5 22. h5 Rg4 23. Rg3 f6 24. Qf4 Rxg3 25. Qxg3+ Kh8 26. Rxf6
Nxe5 27. Qxe5 Qxe5 28. dxe5 Bd5 29. h6 a5 30. e6 Bxe6 31. Rxe6 a4 32. Re7 a3
33. Rg7 Rf8 34. Nf7+ Rxf7 35. Rxf7 Kg8 36. Rg7+ Kh8 37. Ra7 1-0

[Event "NCL967 Northumbria-NW Eagles"]
[Site "Rd9"]
[Date "1997.??.??"]
[Round "9.3"]
[White "Quillan, Gary"]
[Black "Ledger, Andrew"]
[Result "0-1"]
[WhiteElo "2320"]
[BlackElo "2415"]
[PlyCount "64"]
[EventDate "1997.03.22"]
[Source "J.Saunders"]
[SourceDate "1998.06.06"]

1. e4 c6 2. d4 d5 3. exd5 cxd5 4. c4 Nf6 5. Nc3 e6 6. Nf3 Bb4 7. cxd5 exd5 8.
Ne5 O-O 9. Bd3 Nc6 10. Nxc6 bxc6 11. O-O Bg4 12. Qc2 Bh5 13. Ne2 Bxe2 14. Bxe2
Re8 15. Be3 Re6 16. Rac1 Qe8 17. Bf3 Ba5 18. Qa4 Bb6 19. Rc3 Rc8 20. Rfc1 c5
21. Qxe8+ Rcxe8 22. dxc5 d4 23. cxb6 dxc3 24. bxa7 cxb2 25. Rb1 Ra6 26. Kf1
Rxa2 27. Bd4 Ne4 28. Bxe4 Rxe4 29. g3 Rxd4 30. Rxb2 Ra1+ 31. Kg2 Rd8 32. Rb8
Rf8 0-1

[Event "NCL967 Northumbria-NW Eagles"]
[Site "Rd9"]
[Date "1997.??.??"]
[Round "9.4"]
[White "Shaw, John"]
[Black "Tebb, David"]
[Result "1-0"]
[WhiteElo "2335"]
[BlackElo "2320"]
[PlyCount "37"]
[EventDate "1997.03.22"]
[Source "J.Saunders"]
[SourceDate "1998.06.06"]

1. e4 c5 2. c3 Nf6 3. e5 Nd5 4. Nf3 e6 5. d4 cxd4 6. cxd4 b6 7. Bd3 Ba6 8. O-O
Be7 9. Nc3 Nxc3 10. bxc3 Bxd3 11. Qxd3 d5 12. exd6 Qxd6 13. Ba3 Qc7 14. Bxe7
Kxe7 15. Rad1 Nc6 16. d5 exd5 17. Qxd5 Rad8 18. Rfe1+ Kf8 19. Qxc6 1-0

[Event "NCL967 Northumbria-NW Eagles"]
[Site "Rd9"]
[Date "1997.??.??"]
[Round "9.5"]
[White "Lund, Brett"]
[Black "Timmermans, Ivo"]
[Result "1/2-1/2"]
[WhiteElo "2260"]
[BlackElo "2275"]
[PlyCount "108"]
[EventDate "1997.03.22"]
[Source "J.Saunders"]
[SourceDate "1998.06.06"]

1. g3 Nf6 2. Bg2 d5 3. f4 g6 4. Nf3 Bg7 5. O-O O-O 6. d3 c5 7. Na3 Nc6 8. c4 e6
9. Rb1 Rb8 10. Bd2 Re8 11. h3 Qc7 12. Nb5 Qe7 13. Nc3 dxc4 14. dxc4 Rd8 15. e4
Nh5 16. Qe1 Nd4 17. g4 Nxf3+ 18. Rxf3 Bd4+ 19. Kh1 Ng7 20. e5 Bxc3 21. Bxc3 b6
22. Qe2 Bb7 23. Rg3 Bxg2+ 24. Kxg2 Qb7+ 25. Kh2 b5 26. cxb5 Qxb5 27. Qxb5 Rxb5
28. Re1 Kf8 29. Re4 Rd5 30. Rg2 Ke7 31. Ra4 Rb7 32. Rc2 Ne8 33. Be1 Rd4 34. Ra5
Rxf4 35. Raxc5 Rd4 36. Bh4+ Kf8 37. Rc8 Rbd7 38. Rxe8+ Kxe8 39. Rc8+ Rd8 40.
Bxd8 Rxd8 41. Rxd8+ Kxd8 42. Kg3 g5 43. h4 h6 44. hxg5 hxg5 45. Kf3 Kc7 46. Ke4
Kc6 47. Kd4 Kb5 48. a3 a6 49. b3 a5 50. Kd3 Kc5 51. Ke4 Kc6 52. Kd4 Kb5 53. Kd3
Kc5 54. Ke4 Kc6 1/2-1/2

[Event "NCL967 Northumbria-NW Eagles"]
[Site "Rd9"]
[Date "1997.??.??"]
[Round "9.6"]
[White "Ledger, David"]
[Black "Knox, David"]
[Result "1-0"]
[WhiteElo "2235"]
[BlackElo "2200"]
[PlyCount "47"]
[EventDate "1997.03.22"]
[Source "J.Saunders"]
[SourceDate "1998.06.06"]

1. Nf3 h6 2. g3 a6 3. Bg2 c5 4. d3 d5 5. Nbd2 Nc6 6. e4 e6 7. O-O Bd6 8. Re1
Nge7 9. Nf1 Qd7 10. exd5 Nxd5 11. d4 O-O 12. Ne5 Bxe5 13. dxe5 Ndb4 14. Bd2 Qc7
15. a3 Nd5 16. Qh5 b5 17. Ne3 Rd8 18. Ng4 Bb7 19. Bxh6 f5 20. exf6 gxh6 21.
Nxh6+ Kf8 22. Qg6 Nxf6 23. Qxf6+ Ke8 24. Bxc6+ 1-0

[Event "NCL967 Northumbria-NW Eagles"]
[Site "Rd9"]
[Date "1997.??.??"]
[Round "9.7"]
[White "Sheldon, Ruth"]
[Black "Nelson, Jonathan"]
[Result "1/2-1/2"]
[WhiteElo "2230"]
[BlackElo "2250"]
[PlyCount "71"]
[EventDate "1997.03.22"]
[Source "J.Saunders"]
[SourceDate "1998.06.06"]

1. d4 Nf6 2. c4 g6 3. Nc3 Bg7 4. e4 d6 5. Be2 O-O 6. Nf3 e5 7. d5 Na6 8. Bg5 h6
9. Bh4 Qe8 10. Nd2 Nh7 11. a3 f5 12. f3 Bf6 13. Bf2 Bg5 14. b4 Be7 15. O-O Nf6
16. c5 Nh5 17. Bb5 Qf7 18. Bc4 Bg5 19. Nb5 Qf6 20. cxd6 cxd6 21. Nxa7 Bd7 22.
Bxa6 bxa6 23. Nc6 Bh4 24. Qe1 Bxf2+ 25. Qxf2 Qg5 26. Kh1 Nf4 27. Rad1 Nd3 28.
Qg3 Qf6 29. exf5 Bxf5 30. Nc4 Nf4 31. Ne3 Bd7 32. Nc4 Bf5 33. Ne3 Bd7 34. Ng4
Qg7 35. Ne3 Qf6 36. Ng4 1/2-1/2

[Event "NCL967 Northumbria-NW Eagles"]
[Site "Rd9"]
[Date "1997.??.??"]
[Round "9.8"]
[White "Bhatia, Kanwal"]
[Black "James, Dale"]
[Result "0-1"]
[WhiteElo "2025"]
[BlackElo "2250"]
[PlyCount "108"]
[EventDate "1997.03.22"]
[Source "J.Saunders"]
[SourceDate "1998.06.06"]

1. e4 e5 2. Nf3 d6 3. d4 Nd7 4. Bc4 c6 5. O-O Be7 6. c3 Ngf6 7. Nbd2 Qc7 8. Qb3
O-O 9. Re1 b5 10. Be2 h6 11. Qc2 Re8 12. Nf1 d5 13. Ng3 Nxe4 14. Nxe4 dxe4 15.
Qxe4 Nf6 16. Qc2 e4 17. Ne5 Bd6 18. Be3 Nd5 19. Bf1 f6 20. Ng6 Qf7 21. Nh4 g5
22. Bd2 f5 23. a4 gxh4 24. axb5 cxb5 25. Bxb5 Bd7 26. Bc4 Be6 27. Bb5 Rec8 28.
Bf1 Rab8 29. Bc1 Kh7 30. Qd1 Nf6 31. Qd2 f4 32. Ra6 Rb6 33. Ra5 Rg8 34. Kh1 Qg7
35. b4 a6 36. Qc2 Qg6 37. f3 Bf5 38. Rxf5 Qxf5 39. fxe4 Qg5 40. e5+ Kh8 41.
exd6 h3 42. Qf2 hxg2+ 43. Bxg2 Ng4 44. Qg1 Rxd6 45. Bd2 Rdg6 46. Bf3 Qh4 47.
Bxg4 Rxg4 48. Qf1 Qg5 49. c4 Qh5 50. Qf2 Qh3 51. d5 Rg2 52. Qd4+ R8g7 53. Re8+
Kh7 54. Qe4+ R2g6 0-1

[Event "NCL967 Invicta Kts-Wessex"]
[Site "Rd9"]
[Date "1997.??.??"]
[Round "9.1"]
[White "Rossiter, Philip"]
[Black "Ward, Chris"]
[Result "0-1"]
[WhiteElo "2370"]
[BlackElo "2460"]
[PlyCount "96"]
[EventDate "1997.03.22"]
[Source "J.Saunders"]
[SourceDate "1998.06.06"]

1. e4 c5 2. Nf3 d6 3. d4 cxd4 4. Nxd4 Nf6 5. Nc3 g6 6. Be2 Bg7 7. O-O O-O 8.
Kh1 Nc6 9. Nb3 a6 10. f4 b5 11. Bf3 Bb7 12. e5 Ne8 13. Be3 Rc8 14. Nd5 dxe5 15.
Bb6 Qd6 16. Bc5 Qe6 17. Ba3 e4 18. Nc5 exf3 19. Rxf3 Qd6 20. Nxb7 Qb8 21. Nc5
Qa7 22. c3 Nd6 23. Nb3 Nc4 24. Bc5 Qb7 25. Qe2 Rfe8 26. Ne3 N6a5 27. Nxc4 Nxc4
28. f5 a5 29. Bd4 e5 30. fxe6 Rxe6 31. Qf2 Bf8 32. Rf1 f5 33. Nc5 Bxc5 34. Bxc5
Rce8 35. Bd4 Re2 36. Qh4 Qe7 37. Bf6 Qe6 38. Rh3 Qd7 39. Bd4 Qf7 40. b3 Nd2 41.
Ra1 f4 42. Rd3 f3 43. Bf2 Re1+ 44. Rxe1 Rxe1+ 45. Bxe1 fxg2+ 46. Kxg2 Qf1+ 47.
Kg3 Qxd3+ 48. Kf4 Qe4+ 0-1

[Event "NCL967 Invicta Kts-Wessex"]
[Site "Rd9"]
[Date "1997.??.??"]
[Round "9.2"]
[White "McDonald, Neil"]
[Black "Corkett, Anthony"]
[Result "1/2-1/2"]
[WhiteElo "2500"]
[BlackElo "2285"]
[PlyCount "82"]
[EventDate "1997.03.22"]
[Source "J.Saunders"]
[SourceDate "1998.06.06"]

1. e4 c5 2. Nf3 Nc6 3. d4 cxd4 4. Nxd4 g6 5. c4 Bg7 6. Be3 Nf6 7. Nc3 O-O 8.
Be2 d6 9. O-O Bd7 10. Rc1 Nxd4 11. Bxd4 Bc6 12. f3 Nd7 13. Be3 a5 14. b3 Nc5
15. Qd2 Qb6 16. Nb5 Rfc8 17. Kh1 Qd8 18. Rfd1 Qf8 19. Nc3 h5 20. Nd5 Bxd5 21.
exd5 Kh7 22. Re1 Bf6 23. f4 Qg7 24. Qc2 Kg8 25. f5 Be5 26. fxg6 fxg6 27. g4 h4
28. g5 Rf8 29. Bxc5 dxc5 30. Bd3 Rf4 31. Qe2 Bd6 32. Rf1 Raf8 33. Qe6+ Kh7 34.
Rxf4 Rxf4 35. Rc2 Rf3 36. Qe2 Qf7 37. Be4 Rf4 38. Kg2 Kg7 39. h3 b6 40. Rd2 Kg8
41. Rd3 Qg7 1/2-1/2

[Event "NCL967 Invicta Kts-Wessex"]
[Site "Rd9"]
[Date "1997.??.??"]
[Round "9.3"]
[White "Poulton, James"]
[Black "Gormally, Danny"]
[Result "1/2-1/2"]
[WhiteElo "2360"]
[BlackElo "2300"]
[PlyCount "80"]
[EventDate "1997.03.22"]
[Source "J.Saunders"]
[SourceDate "1998.06.06"]

1. d4 Nf6 2. Nf3 g6 3. c4 Bg7 4. Nc3 d5 5. cxd5 Nxd5 6. Qb3 Nxc3 7. bxc3 O-O 8.
h4 c5 9. h5 Be6 10. Qxb7 Bd5 11. Qb5 cxd4 12. hxg6 hxg6 13. c4 Bxf3 14. exf3
Nd7 15. Bd3 Rb8 16. Qg5 e6 17. Qg3 Ne5 18. f4 Qa5+ 19. Bd2 Nxd3+ 20. Qxd3 Qf5
21. Qxf5 exf5 22. Rh3 Rfe8+ 23. Kd1 Rbc8 24. Rc1 Bf8 25. Rb3 Bc5 26. Kc2 Re2
27. Rf1 d3+ 28. Kxd3 Re4 29. Be3 Rd8+ 30. Ke2 Bxe3 31. fxe3 Rxc4 32. Rb2 Rc3
33. Rd2 Re8 34. Rd3 Rc4 35. g3 Rb8 36. Rfd1 Rb2+ 37. R1d2 Rb1 38. Ra3 Rc7 39.
Ra6 Kg7 40. Kf3 Rf1+ 1/2-1/2

[Event "NCL967 Invicta Kts-Wessex"]
[Site "Rd9"]
[Date "1997.??.??"]
[Round "9.4"]
[White "Morris, Philip"]
[Black "Neil, David"]
[Result "1/2-1/2"]
[WhiteElo "2375"]
[BlackElo "2295"]
[PlyCount "108"]
[EventDate "1997.03.22"]
[Source "J.Saunders"]
[SourceDate "1998.06.06"]

1. e4 e5 2. Nf3 Nc6 3. Bb5 a6 4. Ba4 Nf6 5. O-O Be7 6. Re1 b5 7. Bb3 O-O 8. c3
d5 9. exd5 Nxd5 10. Nxe5 Nxe5 11. Rxe5 c6 12. Bxd5 cxd5 13. d4 Bd6 14. Re3 f5
15. Nd2 f4 16. Re1 Qf6 17. Qb3 Qf5 18. Nf3 Be6 19. a4 Rab8 20. axb5 Rxb5 21.
Qa4 Bc8 22. b3 Qc2 23. c4 Rxb3 24. Qc6 Bb4 25. Qxd5+ Kh8 26. Bd2 Bxd2 27. Nxd2
Qxd2 28. Qf7 Qb4 29. c5 Rg8 30. h3 Qb7 31. Re7 Rb1+ 32. Kh2 Qxe7 33. Qxe7 Rxa1
34. d5 Rc1 35. d6 a5 36. d7 Bxd7 37. Qxd7 Rxc5 38. Qd4 Rf5 39. Qe4 Rgf8 40. Qd4
h6 41. Qe4 f3 42. g4 Rf4 43. Qe3 a4 44. Kg3 g6 45. Qe5+ Kh7 46. Qe7+ R8f7 47.
Qe3 R4f6 48. h4 h5 49. gxh5 gxh5 50. Qe4+ Rg6+ 51. Kh3 a3 52. Qa4 Rg1 53. Qe4+
Rg6 54. Qa4 Rg1 1/2-1/2

[Event "NCL967 Invicta Kts-Wessex"]
[Site "Rd9"]
[Date "1997.??.??"]
[Round "9.5"]
[White "Yeo, Michael"]
[Black "Cooley, Chris"]
[Result "1/2-1/2"]
[WhiteElo "2205"]
[BlackElo "2240"]
[PlyCount "101"]
[EventDate "1997.03.22"]
[Source "J.Saunders"]
[SourceDate "1998.06.06"]

1. e4 c6 2. d4 d5 3. e5 Bf5 4. Nc3 Qd7 5. Nf3 e6 6. Be3 h6 7. Nh4 Bh7 8. f4 Be7
9. Nf3 Bd8 10. Bd3 Bxd3 11. Qxd3 Ne7 12. O-O Na6 13. a3 Nf5 14. Bf2 h5 15. b4
Nc7 16. a4 Be7 17. b5 Rc8 18. Rfb1 Na8 19. a5 cxb5 20. Nxb5 a6 21. Nc3 O-O 22.
Ne2 Rc4 23. Nd2 Rb4 24. Rxb4 Bxb4 25. c3 Be7 26. Qf3 g6 27. g3 Qb5 28. Rb1 Qxa5
29. Rxb7 Rc8 30. h3 Qd8 31. g4 Ng7 32. f5 hxg4 33. hxg4 exf5 34. Nf4 Rc7 35.
Rb3 Rd7 36. gxf5 gxf5 37. Nf1 Nc7 38. Ng3 Nce6 39. Nfh5 Bh4 40. Nxg7 Nxg7 41.
Nxf5 Qg5+ 42. Ng3 Bxg3 43. Qxg3 Qxg3+ 44. Bxg3 Nf5 45. Bf4 Ra7 46. Kf2 Kg7 47.
Bc1 Rc7 48. Ba3 Rc6 49. Bc5 f6 50. Rb7+ Kg6 51. exf6 1/2-1/2

[Event "NCL967 Invicta Kts-Wessex"]
[Site "Rd9"]
[Date "1997.??.??"]
[Round "9.6"]
[White "Mack, Andrew"]
[Black "Upton, Ian"]
[Result "1/2-1/2"]
[WhiteElo "2275"]
[BlackElo "2235"]
[PlyCount "72"]
[EventDate "1997.03.22"]
[Source "J.Saunders"]
[SourceDate "1998.06.06"]

1. e4 e6 2. d4 d5 3. Nc3 Nf6 4. Bg5 dxe4 5. Nxe4 Be7 6. Bxf6 gxf6 7. Nf3 b6 8.
Bc4 Bb7 9. Qe2 Nd7 10. O-O-O c6 11. Kb1 Qc7 12. Rhe1 O-O-O 13. Ba6 Rdg8 14. g3
f5 15. Nc3 Bb4 16. Qc4 Bxa6 17. Qxa6+ Kb8 18. Qc4 Bd6 19. a4 Kb7 20. Qd3 a6 21.
d5 cxd5 22. Nxd5 Nc5 23. Nxc7 Nxd3 24. Rxd3 Kxc7 25. Red1 Rd8 26. Ng5 Rhf8 27.
Nxh7 Rg8 28. Nf6 Rh8 29. h4 Bc5 30. f4 Bf2 31. h5 Rxd3 32. Rxd3 Rh6 33. Ne8+
Kc6 34. Nd6 f6 35. Nc4 Rxh5 36. b3 Bc5 1/2-1/2

[Event "NCL967 Invicta Kts-Wessex"]
[Site "Rd9"]
[Date "1997.??.??"]
[Round "9.7"]
[White "Noyce, Robert"]
[Black "Gurr, Lyndon"]
[Result "1/2-1/2"]
[WhiteElo "2205"]
[BlackElo "2048"]
[PlyCount "29"]
[EventDate "1997.03.22"]
[Source "J.Saunders"]
[SourceDate "1998.06.06"]

1. e4 e6 2. d4 d5 3. Nd2 c5 4. exd5 exd5 5. Bb5+ Nc6 6. Qe2+ Be7 7. dxc5 Nf6 8.
Nb3 O-O 9. Be3 a5 10. a4 Re8 11. O-O-O Bf5 12. Nf3 Rc8 13. Rhe1 Bg6 14. Nh4 Bh5
15. Nf3 1/2-1/2

[Event "NCL967 Invicta Kts-Wessex"]
[Site "Rd9"]
[Date "1997.??.??"]
[Round "9.8"]
[White "Howell, Susan"]
[Black "Howard, Emily"]
[Result "1/2-1/2"]
[WhiteElo "1872"]
[BlackElo "1904"]
[PlyCount "65"]
[EventDate "1997.03.22"]
[Source "J.Saunders"]
[SourceDate "1998.06.06"]

1. d4 Nf6 2. c4 e6 3. Nc3 Bb4 4. Qc2 O-O 5. a3 Bxc3+ 6. Qxc3 d5 7. e3 Nbd7 8.
b4 dxc4 9. Bxc4 Re8 10. Bb2 Nb6 11. Bb3 Bd7 12. Ne2 Na4 13. Qc2 Nxb2 14. Qxb2
Bc6 15. f3 Rc8 16. e4 Qd7 17. a4 b6 18. O-O Red8 19. Rfd1 Qe7 20. Rac1 Bb7 21.
Ba2 h6 22. Kh1 Rd7 23. Rd2 Rcd8 24. Rdc2 Rc8 25. h3 Qd8 26. Bc4 c6 27. Ba2 Rdc7
28. Nf4 Qe7 29. Rd1 Rd7 30. Rcd2 Rcd8 31. Ne2 Rc8 32. Nf4 Rcd8 33. Ne2 1/2-1/2

[Event "NCL967 Na Fianna-Richmond"]
[Site "Rd9"]
[Date "1997.??.??"]
[Round "9.2"]
[White "Berry, Steve"]
[Black "Williams, Simon"]
[Result "0-1"]
[WhiteElo "2315"]
[BlackElo "2350"]
[PlyCount "66"]
[EventDate "1997.03.22"]
[Source "J.Saunders"]
[SourceDate "1998.06.06"]

1. e4 e6 2. d3 c5 3. Nf3 Nc6 4. g3 g6 5. Bg2 Bg7 6. O-O Nge7 7. c3 e5 8. a4 d6
9. Na3 O-O 10. Rb1 a5 11. h3 h6 12. Nb5 f5 13. Re1 f4 14. d4 cxd4 15. cxd4 Qb6
16. Kh2 g5 17. gxf4 exf4 18. b3 g4 19. hxg4 Bxg4 20. Bb2 Ng6 21. Bh3 Nce5 22.
Bxg4 Nxg4+ 23. Kg2 d5 24. exd5 Qd8 25. Rh1 Qxd5 26. Qc2 Rac8 27. Qxg6 Rf5 28.
Nc3 Rxc3 29. Bxc3 Rg5 30. Qxg5 hxg5 31. Rh5 Bf6 32. Ba1 Qf5 33. Rbh1 Qc2 0-1

[Event "NCL967 Na Fianna-Richmond"]
[Site "Rd9"]
[Date "1997.??.??"]
[Round "9.3"]
[White "Trifunovic, Aleks"]
[Black "McMichael, Rick"]
[Result "1/2-1/2"]
[WhiteElo "2250"]
[BlackElo "2200"]
[PlyCount "70"]
[EventDate "1997.03.22"]
[Source "J.Saunders"]
[SourceDate "1998.06.06"]

1. d4 e6 2. Nf3 f5 3. g3 Nf6 4. Bg2 Be7 5. O-O O-O 6. c4 d5 7. b3 Bd7 8. Ne5
Be8 9. Ba3 Nbd7 10. Bxe7 Qxe7 11. Nxd7 Bxd7 12. Nd2 c6 13. Nf3 Be8 14. Qc2 Bg6
15. Ne5 Nd7 16. Nxg6 hxg6 17. cxd5 exd5 18. b4 g5 19. b5 Rf6 20. Rab1 Nb6 21.
bxc6 bxc6 22. Rb3 Qf7 23. Rc3 Nc4 24. e4 fxe4 25. Bxe4 Rf8 26. Bg2 g4 27. Qe2
Qg6 28. Rb3 Qg5 29. f4 gxf3 30. Rbxf3 Rxf3 31. Rxf3 Rxf3 32. Bxf3 Qe3+ 33. Kf1
Qh6 34. Qe8+ Kh7 35. Qh5 Ne3+ 1/2-1/2

[Event "NCL967 Na Fianna-Richmond"]
[Site "Rd9"]
[Date "1997.??.??"]
[Round "9.4"]
[White "Mackenzie, Colin"]
[Black "Wall, Gavin"]
[Result "0-1"]
[WhiteElo "2096"]
[BlackElo "2305"]
[PlyCount "54"]
[EventDate "1997.03.22"]
[Source "J.Saunders"]
[SourceDate "1998.06.06"]

1. Nf3 f5 2. c4 g6 3. Nc3 Bg7 4. d3 d6 5. g3 e5 6. Bg2 Ne7 7. Bg5 h6 8. Bxe7
Qxe7 9. Nh4 Qf7 10. e4 f4 11. Nd5 g5 12. Nf5 Bxf5 13. exf5 c6 14. Bf3 h5 15. f6
Bf8 16. Bxh5 Rxh5 17. Nc7+ Kd8 18. Nxa8 Kc8 19. Qg4+ Nd7 20. gxf4 exf4 21.
O-O-O Kb8 22. d4 Nxf6 23. Qe2 Kxa8 24. Rde1 a6 25. Qe6 Rh7 26. Qc8+ Ka7 27. Re6
Rh8 0-1

[Event "NCL967 Na Fianna-Richmond"]
[Site "Rd9"]
[Date "1997.??.??"]
[Round "9.5"]
[White "Franklin, Michael"]
[Black "Pearce, Robin"]
[Result "1/2-1/2"]
[WhiteElo "2255"]
[BlackElo "2080"]
[PlyCount "57"]
[EventDate "1997.03.22"]
[Source "J.Saunders"]
[SourceDate "1998.06.06"]

1. c4 c5 2. g3 g6 3. Bg2 Bg7 4. Nf3 Nf6 5. d3 O-O 6. O-O Nc6 7. Nbd2 b6 8. a3
Bb7 9. Rb1 d5 10. b3 Re8 11. Qc2 Qc7 12. Bb2 d4 13. b4 e5 14. Bc1 Nd8 15. bxc5
bxc5 16. Nb3 Ne6 17. Ng5 Bxg2 18. Kxg2 Rab8 19. f3 Nxg5 20. Bxg5 Nd7 21. Bd2
Bf6 22. Na5 Rb6 23. Rb5 Reb8 24. Rfb1 Be7 25. Qa4 Rxb5 26. Rxb5 Nb6 27. Qc2 Kg7
28. Qb1 Rc8 29. Rb2 1/2-1/2

[Event "NCL967 Na Fianna-Richmond"]
[Site "Rd9"]
[Date "1997.??.??"]
[Round "9.6"]
[White "Connolly, Suzanne"]
[Black "Beake, Ben"]
[Result "1/2-1/2"]
[WhiteElo "1840"]
[BlackElo "2112"]
[PlyCount "83"]
[EventDate "1997.03.22"]
[Source "J.Saunders"]
[SourceDate "1998.06.06"]

1. e4 e6 2. d4 d5 3. Nd2 c5 4. exd5 exd5 5. Bb5+ Bd7 6. Qe2+ Be7 7. Ngf3 Nf6 8.
O-O O-O 9. dxc5 Bxc5 10. Nb3 Re8 11. Qd3 Bb6 12. Bg5 Nc6 13. c3 a6 14. Bxc6
bxc6 15. c4 h6 16. Bh4 dxc4 17. Qxc4 Be6 18. Qc3 Bd5 19. Rfe1 Qd6 20. Bg3 Qf8
21. Nbd2 Qc5 22. Qxc5 Bxc5 23. Be5 Nd7 24. Bc3 Bd6 25. b3 f6 26. Kf1 Kf7 27. h3
g5 28. Rxe8 Rxe8 29. Re1 Rxe1+ 30. Kxe1 h5 31. Ke2 Kg6 32. Nc4 Bc7 33. Ne3 Bf7
34. Nd4 Be5 35. Nd1 Bd5 36. Nf3 Bf4 37. Ne3 Be4 38. g3 Bd6 39. Nd2 Bf5 40. Nxf5
Kxf5 41. Nc4 Bc7 42. Kf3 1/2-1/2